Statistiken für Bilder nach Buchstabe - C (2)

Klicken Sie hier um das Quiz zu spielen!

Allgemein

  • Dieses Quiz wurde 85 mal gespielt
  • Das Durchschnittsergebnis liegt bei 12 aus 16

Antwortstatistiken

Antwort% Korrekt
Chile
92%
Container
92%
Camping
89%
Cello
88%
Celsius
87%
Crêpe
84%
Café
76%
Chinchilla
74%
Croûton
72%
Chili con Carne
71%
Chlor
71%
Costa Rica
66%
Chauffeur
64%
Christstollen
58%
Caracas
37%
Jimmy Carter
30%

Verteilung der Resultate

Perzentil nach korrekt beantworteten Fragen

Anzahl Personen mit jedem Resultat

Ihre Resultats-Entwicklung

Sie haben dieses Quiz noch nicht gespielt